[Event "V. Solinger Karnevals-Open"]
[Site "Solingen"]
[Date "2014.03.01"]
[Round "3.10"]
[White "Wiedemann, Jan"]
[Black "Gorzinski, Dariusz"]
[Result "0-1"]
[WhiteElo "1611"]
[BlackElo "2018"]
[PlyCount "112"]
[EventDate "2014.??.??"]
[WhiteTeam "SC Heilsbronn 1951 e.V."]
[BlackTeam "Märkischer Springer Halver-Schal"]

1. d4 d5 2. Nf3 Nf6 3. Bg5 c5 4. e3 Ne4 5. Bf4 Qb6 6. Qc1 Nc6 7. c3 Bf5 8. Be2
e6 9. O-O Be7 10. Ne5 Rc8 11. Nxc6 bxc6 12. h3 g5 13. Bh2 h5 14. Nd2 g4 15.
Nxe4 dxe4 16. hxg4 hxg4 17. Qd1 Rg8 18. Qd2 Rd8 19. Rad1 a5 20. Qc2 Ra8 21. Qa4
Ra7 22. Rd2 Rb7 23. Rfd1 Kf8 24. dxc5 Bxc5 25. Be5 Ke7 26. Bd4 g3 27. Bxc5+
Qxc5 28. Qd4 gxf2+ 29. Kxf2 Qxd4 30. cxd4 Bg4 31. Rc1 Bxe2 32. Rxe2 Rgb8 33. b3
Kd6 34. Rec2 Rb6 35. g4 Rg8 36. Kg3 f5 37. Rc5 Rxg4+ 38. Kf2 Ra6 39. Rh1 Rg6
40. Rhc1 Rg7 41. Rh1 Rb7 42. Rh6 Rb5 43. Kg3 Ra7 44. Rg6 Rxc5 45. dxc5+ Kd5 46.
Kf2 Re7 47. Ke2 Kxc5 48. a3 Kd5 49. Kd2 Ke5 50. Kc3 Rd7 51. Kc4 Rd3 52. a4 Rxe3
53. b4 axb4 54. Kxb4 Re1 55. a5 Rb1+ 56. Kc5 Rb5+ 0-1

[Event "V. Solinger Karnevals-Open"]
[Site "Solingen"]
[Date "2014.03.01"]
[Round "3.11"]
[White "Vishanji, Adrian"]
[Black "Meckel, Helmut"]
[Result "1-0"]
[WhiteElo "1905"]
[BlackElo "1820"]
[PlyCount "101"]
[EventDate "2014.??.??"]
[WhiteTeam "SV Turm Drolshagen 04"]
[BlackTeam "SG Solingen e.V."]

1. e4 e5 2. Nf3 Nc6 3. d4 exd4 4. Bc4 Bc5 5. c3 dxc3 6. Nxc3 d6 7. Bg5 Qd7 8.
O-O Nge7 9. Bxe7 Qxe7 10. Nd5 Qd8 11. b4 Bb6 12. a4 Ne5 13. Nxb6 axb6 14. Nxe5
dxe5 15. Qxd8+ Kxd8 16. Bxf7 Ke7 17. Bb3 Be6 18. Bxe6 Kxe6 19. Rfc1 c6 20. Rd1
Rhd8 21. Rxd8 Rxd8 22. f3 Rd4 23. Rb1 Kd6 24. a5 Kc7 25. axb6+ Kxb6 26. Kf2
Rd2+ 27. Kg3 Kb5 28. Ra1 Rd4 29. Ra5+ Kxb4 30. Rxe5 c5 31. Re7 b5 32. e5 c4 33.
Rxg7 Kc3 34. e6 Rd6 35. e7 Re6 36. f4 b4 37. f5 Re1 38. f6 b3 39. f7 Rxe7 40.
f8=Q Rxg7+ 41. Qxg7+ Kc2 42. Qxh7+ Kb2 43. Kf3 c3 44. Qg7 Kc2 45. Qg6+ Kc1 46.
Qg5+ Kc2 47. Qf5+ Kb2 48. Qe5 Kc2 49. Qe4+ Kb2 50. Qd4 Kc2 51. Ke2 1-0

[Event "V. Solinger Karnevals-Open"]
[Site "Solingen"]
[Date "2014.03.01"]
[Round "3.12"]
[White "Heyn, Peter"]
[Black "Nagel, Bernhard"]
[Result "0-1"]
[WhiteElo "1886"]
[BlackElo "2191"]
[PlyCount "120"]
[EventDate "2014.??.??"]
[WhiteTeam "Düsseldorfer SV 1854"]
[BlackTeam "Wiesbadener SV 1885"]

1. d4 Nf6 2. c4 e6 3. Nc3 Bb4 4. e3 O-O 5. Nge2 d5 6. a3 Be7 7. cxd5 exd5 8.
Nf4 c6 9. Bd3 a5 10. O-O Na6 11. Bd2 Nc7 12. h3 Ne6 13. Nxe6 Bxe6 14. Ne2 Ne4
15. f3 Nxd2 16. Qxd2 f5 17. Nf4 Qd6 18. Bc2 Bg5 19. Rfe1 Bxf4 20. exf4 b6 21.
Re5 Bd7 22. Bb3 Rf7 23. Rae1 Raf8 24. Ba2 Qf6 25. Kh2 h5 26. Bb1 h4 27. Bd3 Kh8
28. Qf2 g6 29. Qe3 Rg8 30. Re7 Rxe7 31. Qxe7 Qxe7 32. Rxe7 Rg7 33. Re5 Kg8 34.
Kg1 Kf7 35. Kf2 Be6 36. Bc2 Kf6 37. Re3 Rb7 38. Rb3 Ke7 39. Ke2 Kd6 40. Bd3 Rb8
41. Ke3 Kc7 42. Rc3 Kb7 43. Kd2 Bd7 44. Be2 Kc7 45. Bd3 Rg8 46. Ke2 Kd6 47. Rb3
b5 48. Rc3 Rb8 49. Rc5 a4 50. Rc2 b4 51. axb4 Rxb4 52. Ke3 Rb3 53. Kd2 Bc8 54.
Ke2 Bb7 55. Kd2 Ke7 56. Ke2 Kf6 57. Rd2 g5 58. Kf2 gxf4 59. Ke2 Rb4 60. Bb1 a3
0-1

[Event "V. Solinger Karnevals-Open"]
[Site "Solingen"]
[Date "2014.03.01"]
[Round "3.13"]
[White "Tunka, Josef"]
[Black "Vogt, Thomas"]
[Result "0-1"]
[WhiteElo "1852"]
[BlackElo "2139"]
[PlyCount "110"]
[EventDate "2014.??.??"]
[WhiteTeam "SV Lingen"]
[BlackTeam "SVigung Düren 13 Deric"]

1. c4 c5 2. g3 Nc6 3. Bg2 g6 4. Nc3 Bg7 5. e3 e6 6. Nge2 Nge7 7. e4 d6 8. d3 b6
9. Bg5 h6 10. Be3 O-O 11. Qd2 Kh7 12. O-O Bb7 13. f4 Qd7 14. d4 Rad8 15. Rad1
Qc8 16. d5 exd5 17. Nxd5 Nxd5 18. cxd5 Na5 19. Rc1 Ba6 20. b3 Qd7 21. Rfe1 Rfe8
22. Bf2 Re7 23. h3 h5 24. Kh2 Rde8 25. Nc3 Nb7 26. Bf3 Nd8 27. g4 Bc8 28. f5
Be5+ 29. Kg2 gxf5 30. exf5 Rg8 31. Kh1 f6 32. Rxe5 dxe5 33. Ne4 Rf7 34. Rg1
hxg4 35. hxg4 Kh8 36. Ng3 Rh7+ 37. Kg2 Nf7 38. Rh1 Ng5 39. Rh5 Qg7 40. Qe2 Nxf3
41. Qxf3 Qxg4 42. Rxh7+ Kxh7 43. Qxg4 Rxg4 44. Kf3 Rf4+ 45. Ke2 Bxf5 46. Be3
Bg4+ 47. Kd3 Rf3 48. Ne2 Bf5+ 49. Kd2 Kg6 50. Nc3 Kf7 51. Nb5 Ke7 52. Nxa7 Bd7
53. a4 Kd6 54. Nb5+ Bxb5 55. axb5 Kxd5 0-1

[Event "V. Solinger Karnevals-Open"]
[Site "Solingen"]
[Date "2014.03.01"]
[Round "3.14"]
[White "Görke, Joachim"]
[Black "Krieger, Alexander"]
[Result "1/2-1/2"]
[WhiteElo "2096"]
[BlackElo "1737"]
[PlyCount "168"]
[EventDate "2014.??.??"]
[WhiteTeam "SG Solingen e.V."]
[BlackTeam "Schach-Klub Tönsberg Oerlinghaus"]

1. e4 c6 2. c4 d5 3. exd5 cxd5 4. cxd5 Qxd5 5. Nc3 Qa5 6. d4 Nf6 7. Bc4 e6 8.
Nf3 Ne4 9. Qc2 Nxc3 10. bxc3 a6 11. Bf4 Nd7 12. O-O Nf6 13. d5 Nxd5 14. Bxd5
Qxd5 15. Rfd1 Qa5 16. Be5 Bd7 17. Re1 f6 18. Bg3 Kf7 19. Nd4 Bc5 20. Nb3 Qa4
21. Qe2 Bb6 22. Rad1 e5 23. c4 Rac8 24. Qh5+ g6 25. Qh4 Be6 26. Qe4 Qc6 27.
Qxc6 Rxc6 28. c5 Bxc5 29. Nxc5 Rxc5 30. f4 exf4 31. Bxf4 Rc2 32. Rd6 Re8 33. a3
Rc6 34. Rxc6 bxc6 35. Rb1 Bc4 36. Rb4 Re4 37. Rb7+ Ke6 38. Bh6 Rh4 39. Rxh7 g5
40. g3 Rh5 41. Rh8 Kf7 42. Bg7 Rxh8 43. Bxh8 Bd5 44. Kf2 c5 45. Ke3 Ke6 46. Bg7
Kf7 47. Bh8 a5 48. Kd3 Ke6 49. Bg7 Ke5 50. Bf8 c4+ 51. Kc3 g4 52. Bg7 Ke6 53.
Kd4 Kd6 54. Bxf6 Kc6 55. a4 Be6 56. Bd8 Kd6 57. Bxa5 Kc6 58. Bc3 Kb6 59. Ke5
Bc8 60. Kd5 Ba6 61. Bb4 Kc7 62. Kc5 Kb7 63. Bc3 Kc7 64. Bd4 Kd7 65. Kb6 Bc8 66.
Kb5 Kd6 67. Kxc4 Ba6+ 68. Kb4 Kd5 69. Bf6 Kc6 70. Be7 Bf1 71. Kc3 Kb6 72. Bb4
Ka6 73. Kd2 Kb6 74. Ke3 Ka6 75. Kf2 Bh3 76. Bd2 Kb6 77. a5+ Kb5 78. Ke3 Bg2 79.
Kf4 Bh3 80. Ke5 Bg2 81. Kd6 Bf3 82. Kc7 Ka6 83. Kd6 Bg2 84. Ke5 Bh3 1/2-1/2

[Event "V. Solinger Karnevals-Open"]
[Site "Solingen"]
[Date "2014.03.01"]
[Round "3.15"]
[White "Täger, Torsten"]
[Black "Peters, Jens"]
[Result "1/2-1/2"]
[WhiteElo "2068"]
[BlackElo "1723"]
[PlyCount "129"]
[EventDate "2014.??.??"]
[WhiteTeam "SV Lahn Limburg"]
[BlackTeam "SK Xanten e.V."]

1. e4 c5 2. Nc3 g6 3. f4 Nf6 4. Nf3 d5 5. e5 d4 6. exf6 dxc3 7. fxe7 Qxe7+ 8.
Kf2 cxd2 9. Bxd2 Bg7 10. Bb5+ Nc6 11. Re1 Be6 12. Ne5 O-O 13. Bxc6 bxc6 14. Bc3
Qc7 15. Qf3 Bd5 16. Qg3 f6 17. Ng4 Qd6 18. Rad1 Rae8 19. a3 Rxe1 20. Rxe1 Be6
21. Ne3 Bh6 22. Kf3 Bd5+ 23. Nxd5 cxd5 24. Bd2 d4 25. Qh3 Qd5+ 26. Kf2 Bg7 27.
Qe6+ Qxe6 28. Rxe6 Rf7 29. Ke2 Rb7 30. b3 Kf7 31. Rc6 Bf8 32. Kd3 f5 33. Kc4
Ke8 34. Rc8+ Kf7 35. b4 cxb4 36. axb4 Rd7 37. b5 Bg7 38. Rc5 d3 39. c3 Ke6 40.
Rc6+ Ke7 41. g3 Kf7 42. Ra6 Bf8 43. b6 axb6 44. Rxb6 h6 45. h4 Be7 46. Rb5 Ke6
47. Re5+ Kf7 48. Rd5 Rxd5 49. Kxd5 g5 50. hxg5 hxg5 51. Kd4 gxf4 52. Bxf4 Ke6
53. Kxd3 Kd5 54. c4+ Kc5 55. Be5 Bg5 56. Kc3 Be3 57. Kd3 Bg5 58. Kc3 Be3 59.
Kb3 Bd2 60. Kc2 Be1 61. Kd3 Bf2 62. Bb8 Kc6 63. Bf4 Bc5 64. Kd2 Bd4 65. Kd3
1/2-1/2

[Event "V. Solinger Karnevals-Open"]
[Site "Solingen"]
[Date "2014.03.01"]
[Round "3.16"]
[White "Runte, Dirk"]
[Black "Zolfagharian, Kevin"]
[Result "0-1"]
[WhiteElo "1776"]
[BlackElo "2058"]
[PlyCount "36"]
[EventDate "2014.??.??"]
[WhiteTeam "SV Fideler Bauer Lever"]
[BlackTeam "SG Solingen e.V."]

1. d4 d5 2. c4 c6 3. Nf3 Nf6 4. g3 dxc4 5. Bg2 e6 6. O-O Be7 7. Ne5 b5 8. Nxc6
Nxc6 9. Bxc6+ Bd7 10. Bxd7+ Qxd7 11. Nc3 O-O 12. e4 b4 13. e5 bxc3 14. exf6
cxb2 15. fxe7 bxa1=Q 16. exf8=Q+ Rxf8 17. Qg4 Qaxd4 18. Bf4 e5 0-1

[Event "V. Solinger Karnevals-Open"]
[Site "Solingen"]
[Date "2014.03.01"]
[Round "3.17"]
[White "Rist, Kurt"]
[Black "Bosbach, Jens"]
[Result "0-1"]
[WhiteElo "1680"]
[BlackElo "2021"]
[PlyCount "110"]
[EventDate "2014.??.??"]
[WhiteTeam "SG Solingen e.V."]
[BlackTeam "Langenfelder SF 1933"]

1. Nf3 Nf6 2. c4 b6 3. d3 Bb7 4. e4 d6 5. Nc3 e6 6. Be2 Be7 7. O-O O-O 8. Nd4
c5 9. Nc2 Nc6 10. Be3 a6 11. a3 Qc7 12. b4 Ne5 13. f4 Ned7 14. Bf3 Rac8 15. Rc1
Rfd8 16. Qe1 Nf8 17. Qf2 N6d7 18. g4 cxb4 19. axb4 Bf6 20. Na4 b5 21. Nb6 Rb8
22. c5 dxc5 23. bxc5 Nxb6 24. cxb6 Qd7 25. Rfd1 Rdc8 26. d4 Be7 27. d5 exd5 28.
exd5 Bd6 29. Kg2 Ng6 30. Qg3 Rc3 31. Rd4 Rbc8 32. Be4 Bxf4 33. Bxf4 Rxg3+ 34.
Bxg3 Qxg4 35. Kf2 f5 36. Ne3 Qg5 37. Rxc8+ Bxc8 38. Bxf5 Qf6 39. Rd2 Bxf5 40.
Ke2 Bc8 41. d6 Nf8 42. Nd5 Qe6+ 43. Kf2 Bb7 44. Nf4 Qf5 45. Re2 Qc5+ 46. Ke1
Qxd6 47. Ne6 Qb4+ 48. Kf2 Nxe6 49. Rxe6 Qd4+ 50. Ke1 Kf7 51. Rd6 Qe4+ 52. Kd2
Ke7 53. Rd3 Qg2+ 54. Ke1 Qg1+ 55. Ke2 Qxb6 0-1

[Event "V. Solinger Karnevals-Open"]
[Site "Solingen"]
[Date "2014.03.01"]
[Round "3.18"]
[White "Härtel, Stephan"]
[Black "Speck, Stefan"]
[Result "1/2-1/2"]
[WhiteElo "1926"]
[BlackElo "2001"]
[PlyCount "45"]
[EventDate "2014.??.??"]
[WhiteTeam "SV Turm 25 Bergheim"]
[BlackTeam "SC Solingen 1928 e.V."]

1. e4 Nf6 2. e5 Nd5 3. d4 d6 4. c4 Nb6 5. Nf3 Bg4 6. exd6 exd6 7. Be2 Be7 8. h3
Bh5 9. Nc3 O-O 10. g4 Bg6 11. Be3 d5 12. c5 Nc4 13. Bxc4 dxc4 14. Qa4 Bd3 15.
Ne5 Nc6 16. Nxd3 cxd3 17. O-O-O Bg5 18. Rxd3 Re8 19. Qd1 Bxe3+ 20. Rxe3 Qxd4
21. Qxd4 Nxd4 22. Rhe1 Kf8 23. Rxe8+ 1/2-1/2

[Event "V. Solinger Karnevals-Open"]
[Site "Solingen"]
[Date "2014.03.01"]
[Round "3.19"]
[White "Esser, Thomas"]
[Black "Lückerath, Moritz"]
[Result "1-0"]
[WhiteElo "1984"]
[BlackElo "1700"]
[PlyCount "81"]
[EventDate "2014.??.??"]
[WhiteTeam "SV Horrem 1948"]
[BlackTeam "Düsseldorfer SK 14/25 e."]

1. d4 Nf6 2. c4 c5 3. d5 b5 4. cxb5 a6 5. bxa6 g6 6. Nc3 Bxa6 7. e4 Bxf1 8.
Kxf1 d6 9. Nf3 Bg7 10. g3 O-O 11. Kg2 Nbd7 12. a4 Qa5 13. Bd2 Rfb8 14. Nb5 Qb6
15. Qe2 Ne8 16. Bg5 Ndf6 17. Nd2 Nc7 18. Nc4 Qb7 19. Nc3 Nfxd5 20. exd5 Bxc3
21. Bxe7 Qxd5+ 22. f3 Rb4 23. bxc3 Rxc4 24. Rhd1 Qe6 25. Qxe6 Nxe6 26. Bf6
Raxa4 27. Rab1 Ra8 28. Rxd6 Ng7 29. Rdb6 Kf8 30. Rb8+ Rxb8 31. Rxb8+ Ne8 32.
Ra8 g5 33. Kf2 g4 34. Ke3 h5 35. f4 Ra4 36. Rxa4 Nxf6 37. Ra5 Nd7 38. Ke4 Ke7
39. Ra7 Ke6 40. f5+ Kd6 41. Rxd7+ 1-0

[Event "V. Solinger Karnevals-Open"]
[Site "Solingen"]
[Date "2014.03.01"]
[Round "3.20"]
[White "Roth, Jan Paul"]
[Black "Chittka, Julius"]
[Result "1/2-1/2"]
[WhiteElo "1432"]
[BlackElo "1967"]
[PlyCount "58"]
[EventDate "2014.??.??"]
[WhiteTeam "OSC Rheinhausen 04 e.V."]
[BlackTeam "Verein f. Sport u. Freizeit v. 1"]

1. d4 Nf6 2. Nf3 g6 3. c4 Bg7 4. Nc3 O-O 5. e4 d6 6. h3 e5 7. Be3 Nh5 8. dxe5
dxe5 9. Bc5 Re8 10. Qc2 c6 11. Rd1 Qf6 12. Rd6 Be6 13. Qd2 Na6 14. Be3 Nf4 15.
Nxe5 Nxg2+ 16. Bxg2 Qxe5 17. f4 Qa5 18. c5 Nxc5 19. O-O Bc4 20. Rd1 Bf8 21. Rd4
Be6 22. b4 Qa3 23. bxc5 Bxc5 24. Ra4 Bxe3+ 25. Qxe3 Qe7 26. Rxa7 Rad8 27. Rxd8
Rxd8 28. Ra4 c5 29. Bf1 Bd7 1/2-1/2

[Event "V. Solinger Karnevals-Open"]
[Site "Solingen"]
[Date "2014.03.01"]
[Round "3.21"]
[White "Drose, Daniela"]
[Black "Rieger, Isabelle"]
[Result "1-0"]
[WhiteElo "1954"]
[BlackElo "1692"]
[PlyCount "53"]
[EventDate "2014.??.??"]
[WhiteTeam "Aachener SV 1856 e.V."]
[BlackTeam "SV Fideler Bauer Lever"]

1. c4 Nf6 2. g3 g6 3. Bg2 Bg7 4. Nf3 O-O 5. O-O d6 6. d4 c5 7. Nc3 Nc6 8. d5
Na5 9. Nd2 b6 10. Rb1 Rb8 11. b3 a6 12. Qc2 b5 13. Bb2 Nd7 14. e4 Qc7 15. f4
bxc4 16. bxc4 Nb6 17. Nd1 f6 18. Ne3 Bd7 19. Ba1 Rb7 20. Bc3 Ba4 21. Qd3 Naxc4
22. Ndxc4 Nxc4 23. Nxc4 Bb5 24. Ba5 Qd7 25. Rfc1 Rfb8 26. Qc2 Qe8 27. Na3 1-0

[Event "V. Solinger Karnevals-Open"]
[Site "Solingen"]
[Date "2014.03.01"]
[Round "3.22"]
[White "Kunisch, Nina"]
[Black "Buss, Harald"]
[Result "0-1"]
[WhiteElo "1121"]
[BlackElo "1945"]
[PlyCount "158"]
[EventDate "2014.??.??"]
[WhiteTeam "TV-Großostheim 1900 e.V."]
[BlackTeam "Schach Nienberge 2003"]

1. e4 e6 2. d4 d5 3. Nc3 dxe4 4. Nxe4 Nd7 5. Nf3 Ngf6 6. Bg5 Be7 7. Bxf6 Nxf6
8. Bd3 O-O 9. O-O b6 10. Nxf6+ Bxf6 11. Be4 Rb8 12. c3 Ba6 13. Re1 Qd7 14. Ne5
Bxe5 15. dxe5 Qxd1 16. Raxd1 Rfd8 17. b4 Bc4 18. a3 Bb3 19. Rb1 Ba2 20. Rbd1
Bb3 21. Rb1 Bd5 22. Bxd5 Rxd5 23. Rbd1 Rbd8 24. Rxd5 Rxd5 25. f4 Rd3 26. Rc1
Rd2 27. Rb1 h5 28. Kf1 Kh7 29. b5 Rc2 30. Rb3 Kg6 31. Kg1 h4 32. g3 hxg3 33.
hxg3 Kf5 34. Kf1 g5 35. fxg5 Kxg5 36. Ke1 Kf5 37. c4 Rxc4 38. Rf3+ Kg6 39. Kd2
Rc5 40. Re3 Rxb5 41. Rf3 Rxe5 42. Kd3 Rf5 43. Re3 Kg5 44. Ke4 Kg4 45. Rc3 Rc5
46. Rd3 f5+ 47. Ke3 Kxg3 48. Kd4+ Kf4 49. Rh3 e5+ 50. Kd3 Kg4 51. Rh8 Ra5 52.
Rg8+ Kf3 53. Rh8 Rxa3+ 54. Kc4 Ke4 55. Rh4+ f4 56. Rh5 Ra1 57. Kc3 Rc1+ 58. Kd2
Ra1 59. Kc3 Ra5 60. Rh1 f3 61. Re1+ Kf4 62. Kd3 Ra3+ 63. Kc2 f2 64. Rf1 Kf3 65.
Kd2 Ra2+ 66. Kd3 e4+ 67. Kd4 Kg2 68. Rxf2+ Kxf2 69. Kxe4 Rd2 70. Ke5 a5 71. Ke4
a4 72. Kf5 Re2 73. Kg6 Ke1 74. Kg7 Rf2 75. Kg8 a3 76. Kg7 Ke2 77. Kg6 a2 78.
Kg5 a1=Q 79. Kg4 Qg1+ 0-1

[Event "V. Solinger Karnevals-Open"]
[Site "Solingen"]
[Date "2014.03.01"]
[Round "3.23"]
[White "Herzum, Peter"]
[Black "Schaum, Moritz"]
[Result "1-0"]
[WhiteElo "1945"]
[BlackElo "1999"]
[PlyCount "117"]
[EventDate "2014.??.??"]
[WhiteTeam "Düsseldorfer SK 14/25 e."]
[BlackTeam "SF Erkelenz 1959 e.V."]

1. e4 e5 2. Nf3 Nc6 3. Bb5 a6 4. Ba4 Nf6 5. O-O Be7 6. Bxc6 dxc6 7. d3 Nd7 8.
Nbd2 O-O 9. b3 Re8 10. Bb2 Bf8 11. Nc4 f6 12. a4 Nc5 13. Qe2 Ne6 14. g3 c5 15.
c3 b6 16. Nh4 g6 17. Ne3 Ng7 18. Rad1 Be6 19. c4 Bh3 20. Nhg2 Ne6 21. f4 Nd4
22. Bxd4 cxd4 23. Ng4 Bxg4 24. Qxg4 Bg7 25. h4 Qc8 26. f5 c5 27. Qe2 Kf7 28.
Rf2 Rh8 29. g4 Ke7 30. Rdf1 Rf8 31. g5 Qc6 32. Qg4 Qe8 33. Ne1 Kd6 34. Nf3 h5
35. Qg3 gxf5 36. exf5 fxg5 37. Nxg5 Bf6 38. Qf3 Rg8 39. Qd5+ Kc7 40. Rg2 Rc8
41. a5 Qc6 42. Qf7+ Kb8 43. axb6 Qxb6 44. Rff2 Rg7 45. Qxh5 Rcg8 46. Ne4 Qd8
47. Nxc5 Bxh4 48. Ra2 Qe7 49. Nxa6+ Kb7 50. Nc5+ Qxc5 51. Qxh4 Rxg2+ 52. Rxg2
Rxg2+ 53. Kxg2 Qa5 54. Qe4+ Kc7 55. Kf3 Qc5 56. b4 Qd6 57. b5 Qe7 58. Qc6+ Kd8
59. Qa8+ 1-0

[Event "V. Solinger Karnevals-Open"]
[Site "Solingen"]
[Date "2014.03.01"]
[Round "3.25"]
[White "Gebben, Alwin"]
[Black "Lukoviczki, Matyas"]
[Result "1-0"]
[WhiteElo "1889"]
[BlackElo "1678"]
[PlyCount "81"]
[EventDate "2014.??.??"]
[WhiteTeam "SK Nordhorn-Blanke"]
[BlackTeam "Sportgemeinschaft Kaarst 1912/35"]

1. e4 e5 2. Nf3 Nc6 3. d4 d5 4. Nxe5 Nxe5 5. dxe5 d4 6. Bc4 Bc5 7. O-O h5 8.
Nd2 g5 9. Nb3 Bb6 10. c3 Bg4 11. Qd2 dxc3 12. Qxc3 Rh7 13. Be3 Qe7 14. Bxb6
axb6 15. Bb5+ Kf8 16. f3 Be6 17. Nd4 Nh6 18. Rfd1 Rd8 19. Rd2 c5 20. Nxe6+ fxe6
21. Rad1 Rxd2 22. Qxd2 Nf7 23. Qc3 g4 24. f4 Qc7 25. Rd7 Qc8 26. Qd3 Rg7 27. f5
c4 28. Qxc4 Qxc4 29. Bxc4 Nxe5 30. Rxg7 Kxg7 31. Bxe6 b5 32. b3 b6 33. Kf2 h4
34. Ke3 Kf6 35. a4 b4 36. Bc8 Nc6 37. Ba6 Ke5 38. Bc4 Ne7 39. g3 hxg3 40. hxg3
Nc6 41. Be2 1-0

[Event "V. Solinger Karnevals-Open"]
[Site "Solingen"]
[Date "2014.03.01"]
[Round "3.26"]
[White "Hoffmann, Philipp"]
[Black "Müller, Adrian"]
[Result "1-0"]
[WhiteElo "1914"]
[BlackElo "1453"]
[PlyCount "39"]
[EventDate "2014.??.??"]
[WhiteTeam "Schach Nienberge 2003"]
[BlackTeam "SV Fideler Bauer Lever"]

1. e4 e5 2. f4 d5 3. exd5 e4 4. d3 Nf6 5. dxe4 Nxe4 6. Nf3 c6 7. Qe2 cxd5 8.
Nbd2 Qe7 9. Nxe4 Qxe4 10. Be3 Nc6 11. Ng5 Qe7 12. O-O-O Bg4 13. Qxg4 Qxe3+ 14.
Kb1 Bd6 15. Bd3 h5 16. Qf5 Qxf4 17. Rhe1+ Ne7 18. Rxe7+ Kxe7 19. Re1+ Kf8 20.
Ne6+ 1-0

[Event "V. Solinger Karnevals-Open"]
[Site "Solingen"]
[Date "2014.03.01"]
[Round "3.27"]
[White "Barche, Robert"]
[Black "Kaplun, David"]
[Result "0-1"]
[WhiteElo "1370"]
[BlackElo "1796"]
[PlyCount "84"]
[EventDate "2014.??.??"]
[WhiteTeam "SG Solingen e.V."]
[BlackTeam "Düsseldorfer SK 14/25 e."]

1. c4 e5 2. g3 Nc6 3. Bg2 g6 4. Nc3 Bg7 5. e3 d6 6. Nge2 h5 7. d4 h4 8. d5 Nce7
9. e4 hxg3 10. hxg3 Rxh1+ 11. Bxh1 f5 12. f3 Nf6 13. Bg5 fxe4 14. Nxe4 Nxe4 15.
fxe4 Bg4 16. Qb3 Bxe2 17. Kxe2 Qc8 18. Qf3 Qd7 19. Rf1 O-O-O 20. Qe3 Rf8 21.
Rxf8+ Bxf8 22. Bf3 b6 23. b3 Ng8 24. Kd3 Qf7 25. Bg4+ Kb7 26. Qf3 Qxf3+ 27.
Bxf3 Bh6 28. Bxh6 Nxh6 29. Kc3 a5 30. a3 Nf7 31. Kd3 Ka6 32. Bg4 b5 33. Bd7
bxc4+ 34. bxc4 g5 35. Ke3 Kb6 36. Bg4 Nh6 37. Be2 Ng8 38. Kd3 Nf6 39. Kc3 Nxe4+
40. Kd3 Nxg3 41. Bg4 Kc5 42. Kc3 Ne4+ 0-1

[Event "V. Solinger Karnevals-Open"]
[Site "Solingen"]
[Date "2014.03.01"]
[Round "3.28"]
[White "Nink, Niklas"]
[Black "Cornelißen, Jonas"]
[Result "1-0"]
[WhiteElo "1720"]
[BlackElo "1008"]
[PlyCount "96"]
[EventDate "2014.??.??"]
[WhiteTeam "SG Solingen e.V."]
[BlackTeam "SK Xanten e.V."]

1. e4 e5 2. Nf3 d6 3. d4 Nd7 4. Bc4 h6 5. Nc3 Ngf6 6. h3 Be7 7. Be3 O-O 8. Qd2
c6 9. Nh4 Nb6 10. Bb3 exd4 11. Qxd4 d5 12. exd5 cxd5 13. Nf3 Bf5 14. O-O Rc8
15. Rac1 Bc5 16. Qd2 Bxe3 17. Qxe3 a6 18. Rfd1 Re8 19. Qd2 Be6 20. Nd4 Nc4 21.
Bxc4 dxc4 22. Nxe6 Qxd2 23. Rxd2 Rxe6 24. Rcd1 b5 25. Kf1 b4 26. Na4 Ne4 27.
Rd8+ Rxd8 28. Rxd8+ Kh7 29. Rd4 Nd6 30. Nc5 Rf6 31. Nd7 Nf5 32. Nxf6+ gxf6 33.
Rxc4 a5 34. Rc5 Nd4 35. Ke1 Ne6 36. Rxa5 Nf4 37. Kf1 Ne6 38. Rb5 Ng5 39. Rxb4
Ne6 40. Rb6 Nd4 41. Rxf6 Nxc2 42. Rxf7+ Kg6 43. Rc7 Nb4 44. a3 Nd5 45. Rc1 Kf5
46. Rc5 Ke4 47. Rxd5 Kxd5 48. b4 Kc6 1-0

[Event "V. Solinger Karnevals-Open"]
[Site "Solingen"]
[Date "2014.03.01"]
[Round "3.29"]
[White "Barche, Uwe"]
[Black "Gula, Julian"]
[Result "0-1"]
[WhiteElo "1168"]
[BlackElo "1586"]
[PlyCount "82"]
[EventDate "2014.??.??"]
[WhiteTeam "SG Solingen e.V."]
[BlackTeam "Verein f. Sport u. Freizeit v. 1"]

1. c4 Nf6 2. g3 g6 3. Nc3 Bg7 4. Bg2 O-O 5. e4 d6 6. Nge2 Nbd7 7. O-O e5 8. d3
Ne8 9. Be3 f5 10. exf5 gxf5 11. f4 Ndf6 12. h3 c6 13. a4 Nh5 14. Kh2 Nef6 15.
b4 e4 16. Rc1 d5 17. cxd5 cxd5 18. d4 Be6 19. Nb5 Rf7 20. Rc3 a6 21. Na3 Bf8
22. Qb3 Qe8 23. Rfc1 Bd7 24. a5 Bd6 25. Bf1 Qf8 26. Rb1 Ng7 27. Nc1 Ne6 28. Nc2
h5 29. Bf2 Kh7 30. Ne2 h4 31. Bg2 Qh6 32. gxh4 Nxf4 33. Nxf4 Bxf4+ 34. Bg3 Qxh4
35. Bxf4 Qxf4+ 36. Kg1 Rg8 37. Rf1 Qg5 38. Rg3 Qxg3 39. Qxg3 Rxg3 40. Rf4 Rfg7
41. Ne3 Rxe3 0-1

[Event "V. Solinger Karnevals-Open"]
[Site "Solingen"]
[Date "2014.03.01"]
[Round "3.30"]
[White "Bussard, Achim"]
[Black "Fodor, Bernhard"]
[Result "1-0"]
[WhiteElo "1792"]
[BlackElo "1363"]
[PlyCount "69"]
[EventDate "2014.??.??"]
[WhiteTeam "SG Niederkassel"]
[BlackTeam "SG Solingen e.V."]

1. c4 e5 2. Nc3 Nf6 3. d3 h6 4. g3 c6 5. Bg2 Bb4 6. Bd2 d6 7. Nf3 Nbd7 8. O-O
O-O 9. a3 Bc5 10. b4 Bb6 11. Qb3 a6 12. e3 Nh7 13. Rfe1 Ndf6 14. Rad1 Bg4 15.
h3 Be6 16. Qc2 Qc7 17. d4 Bxc4 18. Na4 Bd5 19. Nxb6 Qxb6 20. dxe5 Ne4 21. exd6
Rad8 22. Ne5 Rxd6 23. Bxe4 Bxe4 24. Qxe4 Qd8 25. Nf3 Re8 26. Qc2 Qc8 27. Kg2
Red8 28. Bc3 Ng5 29. Nxg5 hxg5 30. Rxd6 Rxd6 31. Rd1 Rh6 32. g4 c5 33. Qd3 Qe6
34. bxc5 Rh4 35. Qf5 1-0

[Event "V. Solinger Karnevals-Open"]
[Site "Solingen"]
[Date "2014.03.01"]
[Round "3.31"]
[White "Breuer, Leon"]
[Black "Falge, Rainer"]
[Result "1-0"]
[WhiteElo "1485"]
[BlackElo "1732"]
[PlyCount "61"]
[EventDate "2014.??.??"]
[WhiteTeam "SK Xanten e.V."]
[BlackTeam "SG Solingen e.V."]

1. e4 c5 2. Nf3 Nc6 3. d4 cxd4 4. Nxd4 Nf6 5. Nc3 e5 6. Ndb5 d6 7. f3 a6 8. Na3
h6 9. Be3 Be6 10. Bc4 Be7 11. Qd2 Rc8 12. Bxe6 fxe6 13. O-O-O O-O 14. g4 Nh7
15. Nc4 Nd4 16. Bxd4 Rxc4 17. Be3 Rxf3 18. Qe2 Rxe3 19. Qxc4 Qd7 20. Kb1 Ng5
21. h4 Nf3 22. Na4 Bd8 23. Qb4 Nd4 24. c3 a5 25. Qc4 b5 26. Qf1 Nf3 27. Qf2 Re1
28. Rhxe1 Nxe1 29. Nc5 Qc8 30. Nb3 a4 31. Nc1 1-0

[Event "V. Solinger Karnevals-Open"]
[Site "Solingen"]
[Date "2014.03.01"]
[Round "3.32"]
[White "Theysen, Jens"]
[Black "Günaydin, Alperen"]
[Result "0-1"]
[WhiteElo "1439"]
[BlackElo "1708"]
[PlyCount "66"]
[EventDate "2014.??.??"]
[WhiteTeam "vereinslos"]
[BlackTeam "OSC Rheinhausen 04 e.V."]

1. c4 Nf6 2. d4 g6 3. Nc3 Bg7 4. e3 O-O 5. Be2 d6 6. Nf3 Na6 7. O-O Qe8 8. e4
e5 9. d5 Nc5 10. Nd2 a5 11. Qc2 a4 12. f4 exf4 13. Rxf4 Nfd7 14. Kh1 Ne5 15.
Nb5 Qe7 16. Rf1 f5 17. Nc3 Bd7 18. Nd1 fxe4 19. Rxf8+ Rxf8 20. Nxe4 Bf5 21.
Ndf2 Qh4 22. Bg5 Qxg5 23. Nxg5 Bxc2 24. Rf1 Ned3 25. Ngh3 Bxb2 26. Nxd3 Rxf1+
27. Bxf1 Bxd3 28. Bxd3 Nxd3 29. Ng5 Nb4 30. Ne4 Nxa2 31. Nd2 a3 32. Nb1 Nc3 33.
Nxa3 Bxa3 0-1